La vida y obra del mariscal Andrés Santa Cruz.
Gespeichert in:
| 1. Verfasser: | |
|---|---|
| Format: | Buch |
| Veröffentlicht: |
La Paz, Bolivia:
Casa Municipal de La Cultura Franz Tamayo,
1976.
|
| Schriftenreihe: | Biblioteca Peceña.
|
| Schlagworte: | |
| Tags: |
Tag hinzufügen
Keine Tags, Fügen Sie den ersten Tag hinzu!
|
MARC
| LEADER | 00000nam a22000007a 4500 | ||
|---|---|---|---|
| 003 | CL-VaPUC | ||
| 005 | 20220822114620.0 | ||
| 008 | 220713t1976 ||||| |||| 00| 0 eng d | ||
| 999 | |c 437005 |d 437003 | ||
| 040 | |c Pontificia Universidad Católica de Valparaíso | ||
| 082 | 7 | |a 923.1 URQ 1976 |2 22 | |
| 100 | 1 | |a Urquizo Sossa, Carlos |e autor |9 872830 | |
| 245 | |a La vida y obra del mariscal Andrés Santa Cruz. | ||
| 260 | |a La Paz, Bolivia: |b Casa Municipal de La Cultura Franz Tamayo, |c 1976. | ||
| 300 | |a Tomo III; 535 páginas. | ||
| 490 | |a Biblioteca Peceña. | ||
| 500 | |a c.1 Donación Familia Prof. Alejandro Guzmán Brito. | ||
| 583 | |c 20220713 |k Catalogador Asistente | ||
| 600 | |a Santa Cruz, Andrés |d 1792-1865 |x Jefe de estado |x Vida y obra |z Bolivia |9 872866 | ||
| 942 | |2 ddc |c BK |n 0 | ||
| 952 | |0 0 |1 0 |2 ddc |4 0 |6 923_100000000000000_URQ_1976 |7 0 |8 C_AGB |9 584741 |a BIBDER |b BIBDER |d 2022-07-13 |e Donación |h t.III |i 5652915 |o 923.1 URQ 1976 |p 5652915 |r 2023-01-25 |t 1 |w 2022-07-13 |y BK_US |k AGB | ||